000 00344nam a22001697a 4500
003 SGT
020 _a9789392544934
082 _a615.53
_bP24S
100 _aSINGH, SKHITHA.K.
245 _aPAKAVALIH
250 _a1ST
260 _aNEW DELHI
_bCCRAS
_c2024
300 _a193
650 _aAYURVEDA
653 _aPAKAVALIH
942 _2ddc
_cBK
999 _c34703
_d34703